Infrastructure (Record no. 110675)

MARC details
000 -LEADER
fixed length control field 00914cad a22002055a 4500
001 - CONTROL NUMBER
control field E149899
008 - FIXED-LENGTH DATA ELEMENTS--GENERAL INFORMATION
fixed length control field 100512s2010 xxk f 000 0 eng d
035 ## - SYSTEM CONTROL NUMBER
System control number (Sirsi) u149899
041 0# - LANGUAGE CODE
Language code of text/sound track or separate title eng
110 2# - MAIN ENTRY--CORPORATE NAME
Corporate name or jurisdiction name as entry element Civil Engineering Contractors Association
9 (RLIN) 3765
245 00 - TITLE STATEMENT
Title Infrastructure
Remainder of title foundations for growth
Medium [electronic resource]
260 ## - PUBLICATION, DISTRIBUTION, ETC.
Place of publication, distribution, etc. [S.l.]
Name of publisher, distributor, etc. CECA
Date of publication, distribution, etc. 2010
520 ## - SUMMARY, ETC.
Summary, etc. Sets out the importance of infrastructure and highlights the role that civil engineering contractors play in constructing and maintaining it. Emphasises the need for a strategic approach to planned investment in essential infrastructure
521 ## - TARGET AUDIENCE NOTE
Target audience note Introductory
590 ## - LOCAL NOTE (RLIN)
Local note KA
651 #4 - SUBJECT ADDED ENTRY--GEOGRAPHIC NAME
Geographic name United Kingdom
Chronological subdivision
690 ## - LOCAL SUBJECT ADDED ENTRY--TOPICAL TERM (OCLC, RLIN)
Topical term or geographic name as entry element PROPERTY-INFRASTRUCTURE
856 40 - ELECTRONIC LOCATION AND ACCESS
Uniform Resource Identifier <a href="https://www.ceca.co.uk/Uploads/news/whatsnew/Infrastructure%20-%20Foundations%20for%20Growth.pdf">https://www.ceca.co.uk/Uploads/news/whatsnew/Infrastructure%20-%20Foundations%20for%20Growth.pdf</a>
Public note View the report free of charge at www.ceca.co.uk
942 ## - ADDED ENTRY ELEMENTS (KOHA)
Suppress in OPAC 0
Holdings
Withdrawn status Lost status Source of classification or shelving scheme Damaged status Not for loan Home library Current library Shelving location Date acquired Total Checkouts Full call number Barcode Date last seen Copy number Price effective from Koha item type
    Dewey Decimal Classification     Virtual Virtual Online 12/05/2010   ONLINE PUBLICATION 149899-2001 06/08/2019 1 06/08/2019 Book